Países Europeos por primeras letras únicas - Estadísticas

Estadísticas generales
  • Esta prueba ha sido intentada 130 veces
  • La puntuación promedio es 38 de 45
Estadísticas de respuestas
Hint Respuesta % Correcto
Alb Albania
93%
Ale Alemania
93%
Por Portugal
93%
Eslova Eslovaquia
93%
Esp España
92%
It Italia
92%
Lit Lituania
92%
Pol Polonia
92%
Rum Rumania
92%
Rus Rusia
92%
Sue Suecia
92%
Cr Croacia
91%
Fi Finlandia
91%
Mont Montenegro
91%
Sui Suiza
91%
D Dinamarca
90%
Eslove Eslovenia
90%
Ir Irlanda
90%
Is Islandia
90%
Est Estonia
89%
Fr Francia
89%
Mol Moldavia
89%
Au Austria
88%
Mona Mónaco
88%
Be Bélgica
84%
Le Letonia
84%
Lu Luxemburgo
84%
Mac Macedonia del Norte
84%
An Andorra
83%
Bi Bielorrusia
83%
Bu Bulgaria
83%
Lie Liechtenstein
83%
H Hungría
82%
N Noruega
82%
U Ucrania
82%
G Grecia
81%
K Kosovo
78%
Mal Malta
78%
Bo Bosnia y Herzegovina
74%
Se Serbia
73%
Sa San Marino
66%
Re Reino Unido
65%
Ch Chequia
56%
Pa Países Bajos
52%
Ci Ciudad del Vaticano
47%
No se encontraron pruebas coincidentes
Distribución de puntuación
Porcentaje de gente con cada puntuación
Porcentaje por número respondido
Historial de tus puntuaciones
No has intentado esta prueba.